The evaluator and management
| Contributors: | |
|---|---|
| Format: | Print Book |
| Language: | English |
| Published: |
Beverly Hills [u.a.]
Sage Publ.
1979
|
| In: |
Sage research progress series in evaluation (4)
Year: 1979 |
| Edition: | 1. print |
| Availability in Tübingen: | Present in Tübingen. UB: KB 11 A 833 |
| Check availability: | HBZ Gateway |
| Subito Delivery Service: | Order now. |
| Keywords: |
MARC
| LEADER | 00000cam a2200000 c 4500 | ||
|---|---|---|---|
| 001 | 242137334 | ||
| 003 | DE-627 | ||
| 005 | 20251222210555.0 | ||
| 007 | tu | ||
| 008 | 980331s1979 xxu||||| 00| ||eng c | ||
| 010 | |a 79019458 | ||
| 020 | |a 0803913044 |9 0-8039-1304-4 | ||
| 020 | |a 0803913052 |9 0-8039-1305-2 | ||
| 035 | |a (DE-627)242137334 | ||
| 035 | |a (DE-576)007975724 | ||
| 035 | |a (DE-599)GBV242137334 | ||
| 035 | |a (OCoLC)246454116 | ||
| 035 | |a (OCoLC)05333885 | ||
| 035 | |a (AT-OBV)AC05235081 | ||
| 035 | |a (DE-604)805241471x | ||
| 040 | |a DE-627 |b ger |c DE-627 |e rakwb | ||
| 041 | |a eng | ||
| 044 | |c XD-US |c XA-GB | ||
| 050 | 0 | |a H62 | |
| 082 | 0 | |a 309.1/73/092 |q LOC | |
| 084 | |a QP 300 |2 rvk |0 (DE-625)rvk/141850: | ||
| 245 | 0 | 4 | |a The evaluator and management |c by Herbert C. Schulberg |
| 250 | |a 1. print | ||
| 264 | 1 | |a Beverly Hills [u.a.] |b Sage Publ. |c 1979 | |
| 300 | |a 159 S | ||
| 336 | |a Text |b txt |2 rdacontent | ||
| 337 | |a ohne Hilfsmittel zu benutzen |b n |2 rdamedia | ||
| 338 | |a Band |b nc |2 rdacarrier | ||
| 490 | 1 | |a Sage Research Progress Series in Evaluation |v 4 | |
| 583 | 1 | |a Archivierung prüfen |c 20240324 |f DE-4165 |z 2 |2 pdager | |
| 650 | 0 | |a Evaluation research (Social action programs) | |
| 689 | 0 | 0 | |d s |0 (DE-588)4037278-9 |0 (DE-627)104767707 |0 (DE-576)209023279 |a Management |2 gnd |
| 689 | 0 | 1 | |d s |0 (DE-588)4071034-8 |0 (DE-627)106098713 |0 (DE-576)209182709 |a Evaluation |2 gnd |
| 689 | 0 | |5 DE-101 | |
| 689 | 1 | 0 | |d s |0 (DE-588)4037278-9 |0 (DE-627)104767707 |0 (DE-576)209023279 |a Management |2 gnd |
| 689 | 1 | 1 | |d s |0 (DE-588)4071034-8 |0 (DE-627)106098713 |0 (DE-576)209182709 |a Evaluation |2 gnd |
| 689 | 1 | |5 (DE-627) | |
| 700 | 1 | |a Schulberg, Herbert C. |e Hrsg. |4 edt | |
| 830 | 0 | |a Sage research progress series in evaluation |v 4 |9 4 |w (DE-627)130505307 |w (DE-576)007975716 |w (DE-600)762168-1 |7 am | |
| 935 | |i Blocktest | ||
| 936 | r | v | |a QP 300 |b Allgemeines |k Wirtschaftswissenschaften |k Allgemeine Betriebswirtschaftslehre |k Unternehmensführung |k Allgemeines |0 (DE-627)1271086751 |0 (DE-625)rvk/141850: |0 (DE-576)201086751 |
| 951 | |a BO | ||
| ELC | |b 1 | ||
| LOK | |0 000 xxxxxcx a22 zn 4500 | ||
| LOK | |0 001 3158095114 | ||
| LOK | |0 003 DE-627 | ||
| LOK | |0 004 242137334 | ||
| LOK | |0 005 20020606000000 | ||
| LOK | |0 008 910131||||||||||||||||ger||||||| | ||
| LOK | |0 040 |a DE-21 |c DE-627 |d DE-21 | ||
| LOK | |0 852 |a DE-21 | ||
| LOK | |0 852 1 |c KB 11 A 833 |9 00 | ||
| LOK | |0 935 |a krim | ||
| LOK | |0 936ln |a k1.6 | ||
| LOK | |0 939 |a 31-01-91 |b l01 | ||
| ORI | |a SA-MARC-krimdoka001.raw | ||
| SIG | |a UB: KB 11 A 833 | ||
